• 首页
  • 本馆介绍
  • 公告通知
  • 最新文献
  • 馆藏检索
  • 电子资源
  • 读者导购
  • 参考咨询
  • 我的图书馆
  • 登录
  • 详细信息显示
  • 放入我的书架
  • 预约/预借图书
  • 作者相关作品
  • 分类相关作品
  • 丛书相关作品
  • 出版社相关作品

书目信息

  • 表格格式
  • 工作单格式
  • 卡片格式
题名:
小学生获奖作文大全
    
 
作者:
分册:  
出版信息: 珠海   珠海出版社  1995
页数: 221页
开本: 19cm
丛书名:
单 册:
中图分类: G623.2
科图分类: 38.6341
主题词: 作文--小学--手册
电子资源:
ISBN: 7-80607-077-X
000 00692nam0 2200229 45
001 0189001148
005 20070721093317.96
010    @a7-80607-077-X@dCNY10.80
020    @aCN@b89001148
100    @a19900806d1995 m y0chiy0120 ea
101 0  @achi
105    @ay g 000yy
200 10 @a小学生获奖作文大全@Axiao xue sheng huo jiang zuo wen da quan@e特级教师谈作文
210    @a珠海@c珠海出版社@d1995@h1999
215    @a221页@d19cm
517 1  @a特级教师谈作文@Ate ji jiao shi tan zuo wen
540 1  @a小学生 作文@Axiao xue sheng zuo wen
606    @a作文@x小学@x手册
690    @aG623.2@v1980
692    @a38.6341@v1974
801  0 @aCN@bTSSF@c20070721
905    @a10447@dG623.2@e331
    
    小学生获奖作文大全:特级教师谈作文.-珠海:珠海出版社,1995(1999)
    221页;19cm
    
    
    ISBN 7-80607-077-X:CNY10.80
    
●
相关链接 在E读中查询图书 在五车中查询图书 在当当中查询图书 在豆瓣中查询图书


正题名:小学生获奖作文大全     索取号:G623.2/331         预约/预借

序号 登录号 条形码 馆藏地/架位号 状态 备注
1 0768337   207683372   第一样本阅览室/ [索取号:G623.2/331] 在馆    
2 0769722   207697223   密集书库/ [索取号:G623.2/331] 在馆    
唐山师范学院图书馆 欢迎您!
大连网信软件有限公司© 版权所有